| 000 | 00826nam a2200253Ia 4500 | ||
|---|---|---|---|
| 003 | OSt | ||
| 005 | 20250124163458.0 | ||
| 008 | 210210b2007 xxu||||| |||| 00| 0 eng d | ||
| 040 | _cAL | ||
| 041 | _aKannada | ||
| 082 | _a158.1K YANV | ||
| 100 |
_aYANDAMURI VIRENDRANATH _dಯಂಡಮೂರಿ ವೀರೇಂದ್ರನಾಥ್ _9195375 |
||
| 245 |
_aVyaktitva vikasa mattu samvahana kaushalagalu _bವ್ಯಕ್ತಿತ್ವ ವಿಕಾಸ ಮತ್ತು ಸಂವಹನ ಕೌಶಲಗಳು |
||
| 260 |
_aHubbali _bSahitya Prakashana _c2007 |
||
| 300 | _axii,146 | ||
| 650 |
_aVyaktitva _9195376 |
||
| 650 |
_avikasa _9195377 |
||
| 650 |
_asamvahana _9195378 |
||
| 650 |
_amattu _9195379 |
||
| 650 |
_akaushalagalu _9195380 |
||
| 690 |
_aApplied Psychology _9195381 |
||
| 906 | _a063116 | ||
| 942 |
_2ddc _cBK |
||
| 999 |
_c134032 _d134032 |
||